guess the gracie abrams song without hints #1 - Statistics

General Stats
  • This quiz has been taken 277 times
  • The average score is 114 of 237
Answer Stats
Hint Answer % Correct
. I
99%
. you
96%
. a
94%
. the
85%
. me
82%
. we
81%
. and
79%
. it
78%
. love
77%
. to
76%
. that
73%
. I'm
72%
. so
72%
. when
72%
. your
72%
. go
71%
. in
65%
. then
65%
. you're
65%
. my
64%
. is
63%
. know
63%
. what
63%
. can
57%
. on
57%
. but
56%
. now
54%
. us
54%
. not
53%
. like
52%
. how
50%
. all
48%
. ever
48%
. say
47%
. as
44%
. can't
43%
. feel
43%
. had
43%
. think
43%
. see
41%
. would
40%
. every
37%
. I'd
37%
. let
32%
. look
31%
. close
30%
. LA
30%
. night
29%
. talk
29%
. away
27%
. lie
26%
. couldn't
25%
. eyes
25%
. made
25%
. yours
25%
. everything
24%
. hard
24%
. only
24%
. into
23%
. without
23%
. word
23%
. even
22%
. fire
22%
. pain
22%
. rain
22%
. before
21%
. boy
20%
. brush
20%
. hit
20%
. thinking
20%
. survive
19%
. turn
19%
. words
19%
. become
18%
. desert
18%
. held
18%
. along
17%
. broke
17%
. burning
17%
. hope
17%
. promise
17%
. Started
17%
. worse
17%
. anymore
16%
. called
16%
. changing
16%
. chose
15%
. ignore
15%
. low
15%
. simple
15%
. smoke
15%
. nobody
14%
. scared
14%
. ash
13%
. burden
13%
. noticed
13%
. burning
12%
. behind
11%
. hurting
11%
. changing
9%
. mhm
3%
No matching quizzes found
Score Distribution
Percent of People with Each Score
Percentile by Number Answered
Your Score History
You have not taken this quiz